Cheese Dishes - Sudden Death - Statistics

General Stats
  • This quiz has been taken 426 times
    423 since last reset
  • The average score is 5 of 16
Answers on the Grid
Answers color-coded by a green-red scale on the quiz's grid according to % correct below.
Strawberry cheesecake
Raclette
Fondue
Quesadilla
French onion soup
Parmigiana di melanzane
Poutine
Deep-dish
Khachapuri
Pizza Margherita
Fettuccine Alfredo
Greek salad
Bryndzové halušky
Cacio e pepe
Mattar paneer / Matar paneer
Knafeh / Kunafeh
Chocolate mousse
Guacamole
Steak Diane
Tokwa't baboy
Bulgogi
Pizza marinara
Quince cheese
Gratin dauphinois
Paella valenciana
Head cheese
Lamington
Montreal-style hot dog
 
Answer Stats
Answer % Correct
Fondue
52%
Quesadilla
50%
Pizza Margherita
48%
Poutine
39%
French onion soup
34%
Raclette
34%
Deep-dish
33%
Fettuccine Alfredo
33%
Greek salad
33%
Strawberry cheesecake
31%
Parmigiana di melanzane
29%
Cacio e pepe
22%
Mattar paneer / Matar paneer
20%
Knafeh / Kunafeh
9%
Khachapuri
8%
Bryndzové halušky
3%
No matching quizzes found
Score Distribution
Percent of People with Each Score
Percentile by Number Answered
Your Score History
You have not taken this quiz since the last reset